| 000 | 00493nam a2200145Ia 4500 | ||
|---|---|---|---|
| 008 | 170221s9999 xx 000 0 und d | ||
| 100 | _aJohn D. Morgan | ||
| 245 | 4 | _aThe relationship of CPA exam delay after graduation to institutional CPA exam pass rates | |
| 245 | _cJohn D. Morgan, Winona State University. | ||
| 260 | _bJournal of Management and Marketing Research | ||
| 260 | _c2012 | ||
| 300 | _a12 : 2 | ||
| 650 | _xBusiness | ||
| 856 | _uhttp://www.aabri.com/manuscripts/142062.pdf | ||
| 999 |
_c311735 _d311735 |
||